Surveys on surgery theory : papers dedicated to C.T.C. Wall

Αποθηκεύτηκε σε:
Λεπτομέρειες βιβλιογραφικής εγγραφής
Άλλοι συγγραφείς: Cappell, Sylvain E. (Επιμελητής έκδοσης), Ranicki, Andrew, 1948-2018 (Επιμελητής έκδοσης), Rosenberg, Jonathan M. (Jonathan Micah), 1951- (Επιμελητής έκδοσης)
Μορφή: Βιβλίο
Γλώσσα:English
Δημοσίευση: Princeton, N.J. : Princeton University Press, 2000.
Σειρά:Annals of mathematics studies ; 145
Θέματα:
Ετικέτες: Προσθήκη ετικέτας
Δεν υπάρχουν, Καταχωρήστε ετικέτα πρώτοι!

MARC

LEADER 00000cam a2200000 i 4500
001 1/38633
008 131122s2000####nju| ||| |||| ||eng||
020 |a 9780691049380 
020 |a 0691049386 
035 |l 10116055 
040 |a GR-MyUA  |b gre  |e AACR2 
041 0 |a eng 
082 0 |a 514.72   |2 (22) 
245 1 0 |a Surveys on surgery theory :   |b papers dedicated to C.T.C. Wall /   |c edited by Sylvain Cappell, Andrew Ranicki, and Jonathan Rosenberg.  
260 |a Princeton, N.J. :   |b Princeton University Press,   |c 2000.  
300 |a vii, 439 σ. ;   |c 24 εκ.  
490 1 |a (Annals of mathematics studies   |v ; 145)  
504 |a Περιέχει βιβλιογραφικές αναφορές 
650 0 0 |a Surgery (Topology) 
700 1 |a Wall, C. T. C.   |q (Charles Terence Clegg)  |e hnr 
700 1 |a Cappell, Sylvain E.  |e edt 
700 1 |a Ranicki, Andrew,   |d 1948-2018,  |e edt 
700 1 |a Rosenberg, Jonathan M.   |q (Jonathan Micah),   |d 1951-  |e edt 
830 0 |a Annals of mathematics studies ;  |v  145 
852 |a INST  |b SAMOS  |e 20131122  |h 514.72 SUR  |p 005300036057  |q 005300036057  |t BK  |y 0 
901 |a BIBL3-2013-3 
909 |a Σ  |b 179454 
922 |a 3ΕΛΗ  |b 201306  |c ΤΜΗΜΑ ΜΑΘΗΜΑΤΙΚΩΝ  |d ΔΙΑΔΡΟΜΕΣ/ΔΡΕΣ 
970 |a ΚΟΣΙΕΡΗΣ  |b ΧΡΗΣΤΟΣ  |z 2013/11/22